The Roman antiquities of Dionysius of Halicarnassus / (Record no. 26013)
[ view plain ]
| 000 -LEADER | |
|---|---|
| fixed length control field | 01238nam a22003371 4500 |
| 001 - CONTROL NUMBER | |
| control field | 26013 |
| 003 - CONTROL NUMBER IDENTIFIER | |
| rucl marc code | BD-RjUL |
| 005 - DATE AND TIME OF LATEST TRANSACTION | |
| control field | 20211209050947.0 |
| 008 - FIXED-LENGTH DATA ELEMENTS--GENERAL INFORMATION | |
| fixed length control field | 140320s1950 mau b 001 0 eng |
| 035 ## - SYSTEM CONTROL NUMBER | |
| System control number | (BD-RjUL)26083 |
| System control number | (OCoLC)311063 |
| 040 ## - CATALOGING SOURCE | |
| Original cataloging agency | DLC |
| Transcribing agency | ODaWU |
| Modifying agency | OCoLC |
| -- | DCHS |
| -- | DLC |
| -- | BD-RjUL |
| Language of cataloging | eng |
| 041 1# - LANGUAGE CODE | |
| Language code of text/sound track or separate title | enggrc |
| Language code of original | grc |
| 051 ## - LIBRARY OF CONGRESS COPY, ISSUE, OFFPRINT STATEMENT | |
| Classification number | PA3966 |
| Item number | .A3 1937 |
| Copy information | Copy 2. |
| 082 ## - DEWEY DECIMAL CLASSIFICATION NUMBER | |
| Classification number | 888.9 |
| Author mark and year | DIR V-7 1950 |
| 100 0# - MAIN ENTRY--PERSONAL NAME | |
| Personal name | Dionysius, |
| 9 (RLIN) | 79913 |
| 245 14 - TITLE STATEMENT | |
| Title | The Roman antiquities of Dionysius of Halicarnassus / |
| Statement of responsibility, etc. | with an English translation by Earnest Cary, on the basis of the version of Edward Spelman. |
| Number of part/section of a work | VII |
| 260 ## - PUBLICATION, DISTRIBUTION, ETC. (IMPRINT) | |
| Place of publication, distribution, etc. | Cambridge, Mass. ; |
| Name of publisher, distributor, etc. | Harvard University Press ; |
| Place of publication, distribution, etc. | London : |
| Name of publisher, distributor, etc. | W. Heinemann, |
| Date of publication, distribution, etc. | 1950. |
| 300 ## - PHYSICAL DESCRIPTION | |
| Pagination | 7 v. |
| Size | 17 cm. |
| 504 ## - BIBLIOGRAPHY, ETC. NOTE | |
| Bibliography, etc | Bibliography: v. 1, p. xlvii. and index. |
| 651 #0 - SUBJECT ADDED ENTRY--GEOGRAPHIC NAME | |
| Geographic name | Rome |
| General subdivision | History. |
| 9 (RLIN) | 79929 |
| Geographic name | Rome |
| General subdivision | Antiquities |
| Form subdivision | Early works to 1800. |
| 9 (RLIN) | 79916 |
| Geographic name | Rome |
| General subdivision | Politics and government |
| Form subdivision | Early works to 1800. |
| 9 (RLIN) | 79917 |
| 700 1# - ADDED ENTRY--PERSONAL NAME | |
| Personal name | Cary, Earnest, |
| Dates associated with a name | 1879- |
| Personal name | Spelman, Edward, |
| Dates associated with a name | -1767. |
| 942 ## - ADDED ENTRY ELEMENTS (KOHA) | |
| Source of classification or shelving scheme | Dewey Decimal Classification |
| Koha item type | Books |
| Lost status | Source of classification or shelving scheme | Damaged status | Not for loan | Collection code | Permanent Location | Current Location | Shelving location | Date acquired | Source of acquisition | Cost, normal purchase price | Total Checkouts | Full call number | Date last seen | Copy number | Koha item type |
|---|---|---|---|---|---|---|---|---|---|---|---|---|---|---|---|
| Dewey Decimal Classification | Added to bundle | Non-fiction | Central Library, University of Rajshahi | Central Library, University of Rajshahi | Reading Room | 10/03/1955 | SImpkin marshall | 15.00 | 888.9 DIR V-7 1950 | 20/03/2014 | C-1 | Books |